[Event "BL 9091 Koblenz-Solingen"]
[Site "?"]
[Date "1991.??.??"]
[Round "?.7"]
[White "Zysk, R."]
[Black "Fecht, H."]
[Result "1/2-1/2"]
[WhiteElo "2415"]
[BlackElo "2250"]
[PlyCount "83"]
[EventDate "1991.??.??"]

1. d4 Nf6 2. c4 e6 3. Nc3 d5 4. cxd5 exd5 5. Bg5 Be7 6. e3 O-O 7. Bd3 c6 8. Qc2
Nbd7 9. Nge2 Re8 10. O-O Nf8 11. Rab1 g6 12. Nf4 Ne6 13. Nxe6 Bxe6 14. b4 a6
15. Na4 Nh5 16. Bxe7 Rxe7 17. Nc5 Ng7 18. a4 Bf5 19. b5 axb5 20. axb5 Bxd3 21.
Nxd3 Rc7 22. bxc6 bxc6 23. Rb6 Rac8 24. Nc5 Ra7 25. Rfb1 Nf5 26. Na6 Ne7 27. g3
Qd7 28. Kg2 h5 29. h3 Qe6 30. Nc5 Qd6 31. Nd3 Kg7 32. Ne5 Qc7 33. Qc5 f6 34.
Nxc6 Nxc6 35. Rxc6 Qxc6 36. Qxa7+ Rc7 37. Qa2 Qe6 38. Rf1 Qe4+ 39. Kg1 h4 40.
Qe2 hxg3 41. fxg3 Rc3 42. Re1 1/2-1/2

[Event "BL 9091 Koblenz-Solingen"]
[Site "?"]
[Date "1991.??.??"]
[Round "?.8"]
[White "Fritsche, L."]
[Black "Serrer, C."]
[Result "1-0"]
[WhiteElo "2300"]
[BlackElo "2305"]
[PlyCount "83"]
[EventDate "1991.??.??"]

1. e4 c6 2. d3 d5 3. Nd2 Qc7 4. Ngf3 Bg4 5. Be2 Nf6 6. O-O e6 7. c3 Be7 8. Nd4
Bxe2 9. Qxe2 Nbd7 10. Re1 dxe4 11. dxe4 e5 12. Nf5 Bf8 13. Nf3 g6 14. Nh6 Nc5
15. b4 Ne6 16. Ng5 Nd8 17. Qf3 Qe7 18. Be3 b6 19. Qh3 Nh5 20. Ng4 f6 21. Rad1
Bg7 22. Nf3 Ne6 23. g3 Rd8 24. Qh4 Kf7 25. Qh3 Rxd1 26. Rxd1 Rd8 27. Qf1 Rxd1
28. Qxd1 b5 29. Qb3 Ke8 30. Bxa7 Bf8 31. Be3 Nhg7 32. a4 h5 33. Nh6 bxa4 34.
Qxa4 Qb7 35. g4 hxg4 36. Nxg4 Be7 37. c4 Kf7 38. Qxc6 Qxb4 39. Qd5 Qd6 40. Nh4
Ne8 41. Nh6+ Kg7 42. N6f5+ 1-0

[Event "BL 9091 Nürnberg-Solingen"]
[Site "?"]
[Date "1991.??.??"]
[Round "?.2"]
[White "Pribyl, J."]
[Black "Chandler, M."]
[Result "0-1"]
[WhiteElo "2425"]
[BlackElo "2575"]
[PlyCount "80"]
[EventDate "1991.??.??"]

1. d4 Nf6 2. Nf3 e6 3. g3 b5 4. Bg2 Bb7 5. O-O c5 6. c3 Be7 7. dxc5 Bxc5 8. b4
Be7 9. a4 bxa4 10. Qxa4 O-O 11. Rd1 d6 12. Nd4 Bxg2 13. Kxg2 Qc8 14. f3 Rd8 15.
Ra3 Nd5 16. Qb3 Nb6 17. Qa2 Rd7 18. Nd2 d5 19. Bb2 h6 20. Ra1 e5 21. Nc2 Bg5
22. Nf1 Nc4 23. Rb3 Nc6 24. Bc1 Bd8 25. Qa6 Bb6 26. Nce3 Ne7 27. Nxc4 dxc4 28.
Rb2 Qxa6 29. Rxa6 Nd5 30. Rc2 f5 31. Ra4 e4 32. b5 Rc8 33. Bd2 g5 34. Be1 e3
35. Rc1 Kf7 36. Raa1 Ne7 37. Rd1 Rcd8 38. Rxd7 Rxd7 39. Rb1 Rd5 40. f4 g4 0-1

[Event "BL 9091 Nürnberg-Solingen"]
[Site "?"]
[Date "1991.??.??"]
[Round "?.3"]
[White "Lau, R."]
[Black "Seibold, H."]
[Result "1/2-1/2"]
[WhiteElo "2485"]
[BlackElo "2210"]
[PlyCount "84"]
[EventDate "1991.??.??"]

1. e4 c5 2. Nf3 Nc6 3. d4 cxd4 4. Nxd4 g6 5. c4 Bg7 6. Be3 Nf6 7. Nc3 d6 8. Be2
O-O 9. O-O Bd7 10. f3 Nxd4 11. Bxd4 a5 12. Qd2 a4 13. b4 axb3 14. axb3 Nh5 15.
Rxa8 Qxa8 16. Nd5 Bxd4+ 17. Qxd4 Qd8 18. f4 Ng7 19. b4 Bc6 20. Nc3 e5 21. fxe5
dxe5 22. Qxe5 Qb6+ 23. Kh1 Qxb4 24. Nd5 Bxd5 25. cxd5 Re8 26. Qf6 Qe7 27. Bd3
Qxf6 28. Rxf6 b5 29. Kg1 Rb8 30. Kf2 Nh5 31. Ra6 Nf4 32. Bb1 g5 33. g3 Ng6 34.
Ke3 Ne5 35. h4 gxh4 36. gxh4 b4 37. h5 b3 38. Kd4 Nf3+ 39. Kc3 Ne5 40. h6 Kf8
41. Kd4 Nf3+ 42. Ke3 Ne5 1/2-1/2

[Event "BL 9091 Nürnberg-Solingen"]
[Site "?"]
[Date "1991.??.??"]
[Round "?.4"]
[White "Huemmer, B."]
[Black "Mohr, S."]
[Result "1/2-1/2"]
[WhiteElo "2265"]
[BlackElo "2430"]
[PlyCount "48"]
[EventDate "1991.??.??"]

1. d4 g6 2. Nf3 Bg7 3. c3 d6 4. e4 Nf6 5. Bd3 O-O 6. O-O Nc6 7. Bg5 h6 8. Bh4
Nh5 9. Re1 Nf4 10. Bf1 g5 11. Bg3 e5 12. dxe5 dxe5 13. Qc2 Bg4 14. Nfd2 Qf6 15.
Na3 Rad8 16. Nac4 Ne7 17. Ne3 Bc8 18. Rad1 g4 19. f3 h5 20. fxg4 hxg4 21. Ndc4
Bh6 22. Qf2 Bg5 23. Nd5 Nfxd5 24. exd5 Nxd5 1/2-1/2

[Event "BL 9091 Bamberg-Dortmund"]
[Site "?"]
[Date "1991.??.??"]
[Round "?.1"]
[White "Razuvaev, Y."]
[Black "Unzicker, W."]
[Result "1-0"]
[WhiteElo "2585"]
[BlackElo "2480"]
[PlyCount "99"]
[EventDate "1991.??.??"]

1. d4 Nf6 2. c4 e6 3. g3 d5 4. Bg2 dxc4 5. Nf3 c5 6. O-O Nc6 7. Ne5 Bd7 8. Nxc4
cxd4 9. Bf4 Nd5 10. Nd6+ Bxd6 11. Bxd6 Nde7 12. Nd2 O-O 13. Qb3 Bc8 14. Nc4 e5
15. Qa3 Re8 16. Nxe5 Nxe5 17. Bxe5 Nc6 18. Bxc6 bxc6 19. Qc5 Qe7 20. Qxe7 Rxe7
21. Bxd4 Rxe2 22. Rfe1 Rxe1+ 23. Rxe1 Be6 24. a3 a5 25. f4 a4 26. Kf2 Rd8 27.
Bc3 h6 28. Re4 Bb3 29. g4 Rd5 30. Re8+ Kh7 31. Rc8 Bd1 32. Rc7 Kg8 33. Kg3 Rd3+
34. Kh4 Bf3 35. g5 hxg5+ 36. fxg5 Rd8 37. Kg3 Be4 38. Kf4 Re8 39. h4 g6 40. Bf6
Bd5 41. Be7 Rb8 42. Ke5 Kh7 43. Bb4 Kg7 44. Kd6 Ra8 45. Bc3+ Kf8 46. Bf6 Ke8
47. Re7+ Kf8 48. Re3 Ra5 49. h5 gxh5 50. Rh3 1-0

[Event "BL 9091 Bamberg-Dortmund"]
[Site "?"]
[Date "1991.??.??"]
[Round "?.2"]
[White "Pfleger, He"]
[Black "Smagin, S."]
[Result "1-0"]
[WhiteElo "2495"]
[BlackElo "2550"]
[PlyCount "103"]
[EventDate "1991.??.??"]

1. d4 d5 2. Nf3 Nf6 3. g3 Bf5 4. Bg2 e6 5. O-O h6 6. c4 c6 7. Qb3 Qb6 8. c5 Qc7
9. Bf4 Qc8 10. Nc3 Nbd7 11. Qd1 Be7 12. b4 O-O 13. Rc1 Ne4 14. Nxe4 Bxe4 15. a4
a6 16. Qb3 Bf6 17. Bd6 Bxf3 18. Bxf3 Re8 19. Rfd1 e5 20. e4 dxe4 21. Bxe4 exd4
22. Bg6 Re6 23. Bf5 Re8 24. Re1 Rxe1+ 25. Rxe1 Nxc5 26. Bxc8 Nxb3 27. Re8+ Kh7
28. Bf5+ g6 29. Rxa8 gxf5 30. Kf1 d3 31. Ke1 a5 32. bxa5 Nxa5 33. Bb4 Nc4 34.
a5 c5 35. Bd2 Nd6 36. a6 bxa6 37. Rxa6 Be7 38. Bf4 Ne4 39. Rxh6+ Kg7 40. Rc6
Bd8 41. Bh6+ Kh7 42. Bd2 f4 43. gxf4 Bh4 44. Be3 f6 45. f5 Bxf2+ 46. Bxf2 d2+
47. Ke2 Nxf2 48. Kxd2 Ng4 49. h3 Nf2 50. h4 Ng4 51. Rxc5 Kh6 52. Rc7 1-0

[Event "BL 9091 Bamberg-Dortmund"]
[Site "?"]
[Date "1991.??.??"]
[Round "?.3"]
[White "Mainka, R."]
[Black "Meister, P."]
[Result "1/2-1/2"]
[WhiteElo "2430"]
[BlackElo "2405"]
[PlyCount "52"]
[EventDate "1991.??.??"]

1. e4 e6 2. d4 d5 3. Nc3 Nc6 4. Nf3 Nf6 5. e5 Ne4 6. Ne2 f6 7. Ng3 f5 8. c3 Be7
9. h4 Nxg3 10. fxg3 h5 11. Bg5 b6 12. Be2 a5 13. Bxe7 Qxe7 14. Ng5 g6 15. O-O
Ba6 16. c4 Bxc4 17. Bxc4 dxc4 18. Qf3 Qd7 19. Rfd1 Qd5 20. b3 cxb3 21. Qxd5
exd5 22. Rac1 Nb4 23. Rxc7 bxa2 24. Ne6 Rg8 25. Rdc1 Nd3 26. Ra1 Nb4 1/2-1/2

[Event "BL 9091 Bamberg-Dortmund"]
[Site "?"]
[Date "1991.??.??"]
[Round "?.4"]
[White "Kurz, A."]
[Black "Paehtz, T."]
[Result "1/2-1/2"]
[WhiteElo "2330"]
[BlackElo "2455"]
[PlyCount "85"]
[EventDate "1991.??.??"]

1. d4 Nf6 2. c4 g6 3. Nc3 Bg7 4. e4 d6 5. f3 O-O 6. Be3 e5 7. Nge2 Nbd7 8. Qd2
a6 9. d5 h5 10. Nc1 Nh7 11. Nb3 f5 12. exf5 gxf5 13. O-O-O Qe7 14. Kb1 Ndf6 15.
Be2 Kh8 16. c5 Rb8 17. cxd6 cxd6 18. Ba7 Ra8 19. Bf2 Bd7 20. h3 b5 21. Bd3 b4
22. Ne2 a5 23. Rhe1 a4 24. Nbd4 exd4 25. Nxd4 Qf7 26. Nxf5 Bxf5 27. Bxf5 Nxd5
28. Be4 Nc3+ 29. bxc3 bxc3 30. Qd5 Rab8+ 31. Kc1 c2 32. Rd2 Qxd5 33. Bxd5 Rfc8
34. Rxc2 Rxc2+ 35. Kxc2 Rb2+ 36. Kd3 Rxf2 37. Re8+ Nf8 38. g4 Kh7 39. gxh5 Nd7
40. Re6 Nc5+ 41. Ke3 Rxf3+ 42. Kxf3 Nxe6 43. Bxe6 1/2-1/2

[Event "BL 9091 Bamberg-Dortmund"]
[Site "?"]
[Date "1991.??.??"]
[Round "?.5"]
[White "Keitlinghaus, L."]
[Black "Womacka, M."]
[Result "0-1"]
[WhiteElo "2400"]
[BlackElo "2410"]
[PlyCount "122"]
[EventDate "1991.??.??"]

1. e4 c5 2. Nc3 Nc6 3. Bb5 Nd4 4. Nf3 Nxb5 5. Nxb5 g6 6. d4 Bg7 7. dxc5 Qa5+ 8.
Nc3 Bxc3+ 9. bxc3 Qxc3+ 10. Bd2 Qxc5 11. O-O d6 12. Be3 Qc7 13. Qd4 f6 14. Rab1
Be6 15. Qb2 b6 16. Nd4 Bc4 17. Rfd1 Kf7 18. h3 Kg7 19. Qc1 Rc8 20. a4 e5 21.
Nb5 Bxb5 22. axb5 Ne7 23. Bh6+ Kf7 24. Qa3 Rhd8 25. Qa2+ Qc4 26. Qxa7 Qxe4 27.
Be3 Ke6 28. Bxb6 Rd7 29. Qa2+ d5 30. Rd2 Qc4 31. Qb2 d4 32. Ba5 Nd5 33. b6 Rb7
34. Re1 Kf7 35. Ra1 Rc5 36. Qa3 Rb5 37. Qd6 Qc5 38. Qxc5 Rxc5 39. Kf1 Nxb6 40.
Bxb6 Rxb6 41. Ke2 Rb2 42. Kd1 g5 43. Kc1 Rb3 44. Kd1 Rbc3 45. Ra2 h5 46. Rd3 h4
47. Rxc3 Rxc3 48. Ra6 Kg6 49. Kd2 Kf5 50. Kd1 Kg6 51. Kd2 Kf5 52. Kd1 Rc5 53.
Kd2 Rb5 54. Ke2 Rb1 55. Ra5 Rg1 56. Ra3 Ke4 57. Rd3 f5 58. Rd2 Rc1 59. f3+ Kf4
60. Kf2 Rb1 61. Rd3 Rb2 0-1

[Event "BL 9091 Bamberg-Dortmund"]
[Site "?"]
[Date "1991.??.??"]
[Round "?.6"]
[White "Schoeneberg, M."]
[Black "Thesing, M."]
[Result "1/2-1/2"]
[WhiteElo "2310"]
[BlackElo "2405"]
[PlyCount "94"]
[EventDate "1991.??.??"]

1. e4 e6 2. d4 d5 3. Nc3 Nc6 4. Nf3 Nf6 5. Bg5 Be7 6. e5 Ne4 7. Bxe7 Qxe7 8.
Bd3 Qb4 9. O-O Nxc3 10. bxc3 Qxc3 11. Rb1 Qa3 12. Ng5 Nxd4 13. Bxh7 Qe7 14. f4
Nf5 15. Bxf5 Qc5+ 16. Kh1 exf5 17. Re1 Qc6 18. e6 Bxe6 19. Qd4 O-O-O 20. Qxa7
b6 21. Qa6+ Kb8 22. a4 Qc4 23. Qxc4 dxc4 24. Nxe6 fxe6 25. h3 Rd6 26. Rb4 Rc6
27. Rd1 Kc8 28. Rd4 Rd8 29. Rdxc4 Rxc4 30. Rxc4 c5 31. a5 Kb7 32. axb6 Kxb6 33.
Rc3 Rd2 34. Re3 Rxc2 35. Rxe6+ Kb5 36. Rg6 Rf2 37. Kh2 Rxf4 38. Kg3 Rd4 39.
Rxg7 c4 40. Rc7 Kb4 41. h4 c3 42. h5 Rg4+ 43. Kf3 Rh4 44. Ke3 Rh1 45. Kd3 Rd1+
46. Ke2 Rd6 47. Ke3 Rh6 1/2-1/2

[Event "BL 9091 Bamberg-Dortmund"]
[Site "?"]
[Date "1991.??.??"]
[Round "?.7"]
[White "Stein, B."]
[Black "Bezold, M."]
[Result "1/2-1/2"]
[WhiteElo "2370"]
[BlackElo "2330"]
[PlyCount "92"]
[EventDate "1991.??.??"]

1. Nf3 d6 2. e4 Nf6 3. c3 c6 4. Bd3 e5 5. Bc2 Be7 6. d4 Qc7 7. O-O Bg4 8. Re1
Nbd7 9. Nbd2 O-O 10. h3 Bh5 11. Nf1 Rfe8 12. Ng3 Bg6 13. Nh4 Bf8 14. f4 exf4
15. Bxf4 Qb6 16. Rb1 c5 17. Kh1 Rac8 18. Nxg6 hxg6 19. Rf1 Qc6 20. Rf2 b5 21.
Qf3 Be7 22. Rbf1 Bd8 23. Qd1 Bb6 24. Be3 Re7 25. Qd2 Qc7 26. Bb3 a6 27. Bg5 c4
28. Bc2 Re6 29. Rf4 Rf8 30. Qf2 Qc8 31. h4 Qe8 32. Bxf6 Nxf6 33. Qf3 Qe7 34.
Qd1 Bc7 35. Kg1 Bb6 36. h5 Nxh5 37. Nxh5 gxh5 38. Qxh5 Rh6 39. Qf5 g6 40. Qg4
Kg7 41. Qg3 f6 42. Rh4 Qe5 43. Qh3 Rxh4 44. Qxh4 Rh8 45. Qf4 g5 46. Qf5 Qxf5
1/2-1/2

[Event "BL 9091 Bamberg-Dortmund"]
[Site "?"]
[Date "1991.??.??"]
[Round "?.8"]
[White "Kestler, H."]
[Black "Buecker, S."]
[Result "0-1"]
[WhiteElo "2360"]
[BlackElo "2345"]
[PlyCount "74"]
[EventDate "1991.??.??"]

1. Nf3 f5 2. c4 Nf6 3. g3 g6 4. Bg2 Bg7 5. O-O O-O 6. Nc3 d6 7. d4 c6 8. d5 Bd7
9. Nd4 Qb6 10. Nb3 Na6 11. Be3 c5 12. Rb1 Nc7 13. Nd2 Qa6 14. Qc2 b5 15. b3
Rab8 16. h3 b4 17. Nd1 e5 18. dxe6 Nxe6 19. Nb2 Bc6 20. Nd3 Bxg2 21. Kxg2 Qc6+
22. Kh2 g5 23. f4 g4 24. h4 Rbe8 25. Nf2 Nh5 26. Qd3 Nc7 27. Rfd1 Rxe3 28. Qxe3
Bd4 29. Qe7 Bf6 30. Qe3 Bd4 31. Qe7 Bxf2 32. Nf1 Bd4 33. e3 Re8 34. Qg5+ Ng7
35. Rd2 h6 36. Qxh6 Re6 37. Qg5 Bf6 0-1

[Event "BL 9091 Solingen-Bamberg"]
[Site "?"]
[Date "1991.??.??"]
[Round "?.2"]
[White "Chandler, M."]
[Black "Pfleger, He"]
[Result "1/2-1/2"]
[WhiteElo "2575"]
[BlackElo "2495"]
[PlyCount "94"]
[EventDate "1991.??.??"]

1. e4 d6 2. d4 Nf6 3. Nc3 g6 4. f4 Bg7 5. Nf3 O-O 6. Be2 c5 7. dxc5 Qa5 8. O-O
Qxc5+ 9. Kh1 Nbd7 10. Bd3 b6 11. Qe1 Bb7 12. Be3 Qc7 13. Qh4 e6 14. Rae1 a6 15.
a4 Rae8 16. e5 dxe5 17. fxe5 Nh5 18. Be4 Bxe4 19. Nxe4 Nxe5 20. Nxe5 Qxe5 21.
Bxb6 f5 22. Nc5 Qxb2 23. a5 Qxc2 24. Nxe6 Bf6 25. Qb4 Rf7 26. Nc7 Rxe1 27. Rxe1
Qd3 28. Qa4 Ng7 29. Qa2 f4 30. Nd5 Bg5 31. Bf2 f3 32. g3 h5 33. h4 Bd8 34. Nf4
Qd7 35. Kh2 Kh7 36. Re5 Rf5 37. Re3 Rxa5 38. Qc2 Qf5 39. Qd2 Bxh4 40. Rxf3 Bg5
41. Qc3 Bxf4 42. Rxf4 Qd5 43. Rf8 Ra2 44. Qc8 Kh6 45. Qc1+ Kh7 46. Qc8 g5 47.
Qc7 Qe4 1/2-1/2

[Event "BL 9091 Solingen-Bamberg"]
[Site "?"]
[Date "1991.??.??"]
[Round "?.3"]
[White "Meister, P."]
[Black "Lau, R."]
[Result "1/2-1/2"]
[WhiteElo "2405"]
[BlackElo "2485"]
[PlyCount "26"]
[EventDate "1991.??.??"]

1. d4 Nf6 2. c4 e6 3. Nf3 d5 4. Nc3 dxc4 5. e3 c5 6. Bxc4 a6 7. a4 Nc6 8. O-O
Be7 9. Qe2 cxd4 10. Rd1 e5 11. exd4 exd4 12. Nxd4 Nxd4 13. Qe5 Qd6 1/2-1/2

[Event "BL 9091 Solingen-Bamberg"]
[Site "?"]
[Date "1991.??.??"]
[Round "?.4"]
[White "Mohr, S."]
[Black "Kurz, A."]
[Result "1-0"]
[WhiteElo "2430"]
[BlackElo "2330"]
[PlyCount "63"]
[EventDate "1991.??.??"]

1. d4 Nf6 2. c4 g6 3. Nc3 Bg7 4. e4 d6 5. Be2 O-O 6. Bg5 Nbd7 7. Qd2 e5 8. d5
Nc5 9. f3 a5 10. h4 h5 11. Nh3 Bxh3 12. Rxh3 Qd7 13. O-O-O a4 14. Kb1 Ra6 15.
Rhh1 Rfa8 16. Qc2 c6 17. Be3 cxd5 18. exd5 a3 19. b3 e4 20. Bd4 Re8 21. Rhe1
Raa8 22. Nb5 Re7 23. Qc3 Ne8 24. g4 Be5 25. Bxe5 exf3 26. Bxf3 hxg4 27. Bd4
Qf5+ 28. Ka1 Rxe1 29. Rxe1 gxf3 30. Qe3 Ng7 31. Nxd6 Qc2 32. Qe5 1-0

[Event "BL 9091 Solingen-Bamberg"]
[Site "?"]
[Date "1991.??.??"]
[Round "?.5"]
[White "Womacka, M."]
[Black "Reeh, O."]
[Result "1/2-1/2"]
[WhiteElo "2410"]
[BlackElo "2470"]
[PlyCount "85"]
[EventDate "1991.??.??"]

1. e4 c5 2. Nf3 d6 3. d4 cxd4 4. Nxd4 Nf6 5. Nc3 Nc6 6. Be2 e5 7. Nf3 h6 8. O-O
Be7 9. Re1 O-O 10. h3 a6 11. b3 b5 12. Bf1 Bb7 13. Bb2 Nb8 14. Nh2 b4 15. Nd5
Nxd5 16. exd5 Nd7 17. a3 Nb6 18. axb4 Nxd5 19. Bxa6 Rxa6 20. Rxa6 Nf4 21. Ra7
Qb6 22. Rxb7 Qxb7 23. Qf3 Qxb4 24. Qe4 Qb6 25. Bc1 f5 26. Qf3 Ng6 27. Nf1 e4
28. Qd1 Bh4 29. Re2 Qc5 30. Ne3 Nf4 31. Rd2 Rf6 32. Bb2 Rg6 33. Bd4 Qc8 34. Kh2
Bg5 35. Bb2 Nxh3 36. gxh3 Bf4+ 37. Kh1 Bxe3 38. fxe3 f4 39. Qh5 Rg3 40. Kh2 Rg5
41. Qd1 Rg3 42. Qh5 Rg5 43. Qd1 1/2-1/2

[Event "BL 9091 Solingen-Bamberg"]
[Site "?"]
[Date "1991.??.??"]
[Round "?.6"]
[White "Podzielny, K."]
[Black "Ramos, D."]
[Result "1/2-1/2"]
[WhiteElo "2445"]
[BlackElo "2330"]
[PlyCount "87"]
[EventDate "1991.??.??"]

1. d4 d5 2. c4 c6 3. Nc3 Nf6 4. Nf3 dxc4 5. a4 Bf5 6. Ne5 e6 7. f3 Bb4 8. e4
Bxe4 9. fxe4 Nxe4 10. Qf3 Qxd4 11. Qxf7+ Kd8 12. Bg5+ Kc8 13. Qxe6+ Nd7 14.
Qxd7+ Qxd7 15. Nxd7 Nxc3 16. bxc3 Bxc3+ 17. Kd1 Bxa1 18. Nc5 b5 19. g3 Re8 20.
Bg2 Re5 21. Bh3+ Kc7 22. Bf4 g5 23. Bxe5+ Bxe5 24. Re1 Bd6 25. Ne6+ Kb6 26.
Nxg5 Bb4 27. Re2 Rd8+ 28. Kc2 Rd3 29. axb5 cxb5 30. Nxh7 Ra3 31. Kb1 Bc3 32.
Re6+ Kc5 33. Nf6 Ra1+ 34. Kc2 Ra2+ 35. Kb1 Ra1+ 36. Kc2 Ra2+ 37. Kb1 Rb2+ 38.
Kc1 Rxh2 39. Bf5 Rh1+ 40. Kc2 Rh2+ 41. Kd1 Rh1+ 42. Kc2 Rh2+ 43. Kd1 Rh1+ 44.
Kc2 1/2-1/2

[Event "BL 9091 Solingen-Bamberg"]
[Site "?"]
[Date "1991.??.??"]
[Round "?.7"]
[White "Schoeneberg, M."]
[Black "Zysk, R."]
[Result "0-1"]
[WhiteElo "2310"]
[BlackElo "2415"]
[PlyCount "98"]
[EventDate "1991.??.??"]

1. e4 g6 2. d4 Bg7 3. Nf3 d6 4. Bc4 e6 5. Nc3 Ne7 6. O-O b6 7. Re1 h6 8. a4 a6
9. Bf4 Bb7 10. Qd2 Nd7 11. Rad1 g5 12. Be3 Ng6 13. h3 O-O 14. h4 g4 15. h5 gxf3
16. hxg6 Qf6 17. gxf7+ Rxf7 18. g3 Qg6 19. Qd3 c5 20. Qf1 Qg4 21. Kh2 cxd4 22.
Bxd4 Ne5 23. Bxe5 Bxe5 24. Qh3 Qxh3+ 25. Kxh3 Rf6 26. Rd3 Rc8 27. Bb3 Kg7 28.
Ree3 Rc5 29. Nb1 Rg6 30. Kh2 Bf4 31. Re1 Bxg3+ 32. fxg3 f2 33. Rde3 fxe1=Q 34.
Rxe1 Re5 35. Nc3 d5 36. Rd1 Rf6 37. exd5 exd5 38. Bxd5 Bxd5 39. Nxd5 Rf2+ 40.
Kh3 Rxc2 41. Nxb6 Rh5+ 42. Kg4 Rg5+ 43. Kf3 Rxb2 44. Rd7+ Kf8 45. Rd6 Rb3+ 46.
Kf4 Rb4+ 47. Kf3 h5 48. Nd7+ Ke7 49. Rd3 Rb7 0-1

[Event "BL 9091 Solingen-Bamberg"]
[Site "?"]
[Date "1991.??.??"]
[Round "?.8"]
[White "Serrer, C."]
[Black "Bezold, M."]
[Result "0-1"]
[WhiteElo "2305"]
[BlackElo "2330"]
[PlyCount "75"]
[EventDate "1991.??.??"]

1. Nf3 Nf6 2. c4 c5 3. Nc3 g6 4. d4 Bg7 5. e4 O-O 6. Be2 d6 7. O-O Nc6 8. d5
Na5 9. a3 Bg4 10. b4 Bxf3 11. gxf3 cxb4 12. axb4 Nxc4 13. Bxc4 Qc7 14. Qe2 Rfc8
15. Na4 Qxc4 16. Qxc4 Rxc4 17. Nb6 Nd7 18. Nxc4 Bxa1 19. Be3 Bc3 20. Rb1 f5 21.
Rb3 Bf6 22. Ra3 a6 23. Na5 b6 24. Nc6 Kf7 25. Ra2 e6 26. dxe6+ Kxe6 27. Re2 a5
28. bxa5 bxa5 29. Bd4 fxe4 30. Rxe4+ Kd5 31. Bxf6 Nxf6 32. Ne7+ Kc5 33. Re1 d5
34. f4 Kd6 35. f5 a4 36. Re6+ Kd7 37. Nc6 Ng4 38. Nd4 0-1

[Event "BL 9091 Dortmund-Nürnberg"]
[Site "?"]
[Date "1991.??.??"]
[Round "?.1"]
[White "Jansa, V."]
[Black "Razuvaev, Y."]
[Result "1/2-1/2"]
[WhiteElo "2495"]
[BlackElo "2585"]
[PlyCount "32"]
[EventDate "1991.??.??"]

1. e4 e5 2. Nf3 Nc6 3. Bb5 a6 4. Ba4 Nf6 5. O-O Be7 6. Re1 b5 7. Bb3 O-O 8. c3
d6 9. h3 Nd7 10. d4 Bf6 11. a4 Bb7 12. Na3 Ne7 13. Ba2 c6 14. Be3 Ng6 15. Nc2
Qc7 16. Ng5 h6 1/2-1/2

[Event "BL 9091 Dortmund-Nürnberg"]
[Site "?"]
[Date "1991.??.??"]
[Round "?.2"]
[White "Smagin, S."]
[Black "Pribyl, J."]
[Result "1-0"]
[WhiteElo "2550"]
[BlackElo "2425"]
[PlyCount "91"]
[EventDate "1991.??.??"]

1. e4 Nf6 2. e5 Nd5 3. d4 d6 4. Nf3 Bg4 5. Be2 c6 6. Ng5 Bf5 7. Bd3 Bxd3 8.
Qxd3 h6 9. Nf3 dxe5 10. dxe5 e6 11. O-O Nd7 12. c4 Ne7 13. Nc3 Ng6 14. Qe2 Qc7
15. Re1 Rd8 16. h4 Bb4 17. h5 Bxc3 18. bxc3 Ne7 19. Rb1 c5 20. Qe4 b6 21. Qg4
Rg8 22. a4 Nb8 23. a5 Nbc6 24. axb6 axb6 25. Qe4 Rd7 26. Bf4 Na5 27. Red1 Qb7
28. Qe2 Nc8 29. Nd2 Ke7 30. Qg4 Kf8 31. Ne4 Qxe4 32. Rxd7 Qxb1+ 33. Rd1 Qh7 34.
Qh4 f6 35. exf6 Nc6 36. Rd7 Qb1+ 37. Kh2 Qf5 38. Rc7 e5 39. Be3 Qe6 40. Qe4
N8a7 41. f7 Rh8 42. Qd5 Qf6 43. g3 g5 44. hxg6 Qxg6 45. Bxc5+ bxc5 46. Qxc5+
1-0

[Event "BL 9091 Dortmund-Nürnberg"]
[Site "?"]
[Date "1991.??.??"]
[Round "?.3"]
[White "Seibold, H."]
[Black "Mainka, R."]
[Result "1/2-1/2"]
[WhiteElo "2210"]
[BlackElo "2430"]
[PlyCount "64"]
[EventDate "1991.??.??"]

1. e4 e5 2. f4 d5 3. exd5 c6 4. dxc6 Nxc6 5. Nf3 e4 6. Ne5 Nf6 7. Nxc6 bxc6 8.
d4 Bg4 9. Be2 Bxe2 10. Qxe2 Qxd4 11. Be3 Qxb2 12. O-O Be7 13. Nd2 O-O 14. Nb3
Rfd8 15. Qc4 Nd5 16. Bc1 Qc3 17. Qxe4 Re8 18. Qd3 Qxd3 19. cxd3 Bf6 20. d4 c5
21. g4 g6 22. g5 Bg7 23. f5 gxf5 24. Rxf5 Rad8 25. Rb1 c4 26. Na5 Nc3 27. Rb7
Re2 28. Nc6 Bxd4+ 29. Kf1 Rd6 30. Bb2 Rxb2 31. Ne7+ Kf8 32. Rxb2 Kxe7 {.../34/}
1/2-1/2

[Event "BL 9091 Dortmund-Nürnberg"]
[Site "?"]
[Date "1991.??.??"]
[Round "?.4"]
[White "Paehtz, T."]
[Black "Huemmer, B."]
[Result "0-1"]
[WhiteElo "2455"]
[BlackElo "2265"]
[PlyCount "138"]
[EventDate "1991.??.??"]

1. c4 f5 2. Nf3 Nf6 3. g3 d6 4. d4 g6 5. Bg2 Bg7 6. O-O c6 7. b3 O-O 8. Bb2 Qc7
9. Nbd2 Kh8 10. Qc2 d5 11. cxd5 Nxd5 12. Ne5 Be6 13. e4 fxe4 14. Nxe4 Nd7 15.
Ng5 Bf5 16. Qc1 Nxe5 17. dxe5 Nb4 18. e6 Nd3 19. Bxg7+ Kxg7 20. Qc4 Qe5 21. Qh4
h6 22. Nf7 Qxe6 23. Nxh6 Qf6 24. Nxf5+ gxf5 25. Qxf6+ Rxf6 26. f4 Rd8 27. Rf3
Rfd6 28. Re3 Kf6 29. a3 a5 30. Bf1 Nc5 31. b4 axb4 32. axb4 Nd3 33. Rb1 Rd4 34.
Bxd3 Rxd3 35. Rxd3 Rxd3 36. b5 c5 37. b6 Ke6 38. Re1+ Kd6 39. Kg2 Rb3 40. h4
Rxb6 41. h5 Kd7 42. Kh3 c4 43. Kh4 Rc6 44. Rb1 c3 45. Rxb7+ Ke6 46. Rb1 Kf6 47.
g4 fxg4 48. Kxg4 c2 49. Rc1 Rc3 50. f5 Rc4+ 51. Kf3 Kg5 52. Ke3 Kxh5 53. Kd3
Rc8 54. Kd4 Kg5 55. Ke5 Kg4 56. Ke4 Rc4+ 57. Kd3 Rc7 58. Ke4 Kg3 59. Ke3 Rc8
60. Rg1+ Kh4 61. Rc1 Kg5 62. Ke4 Kf6 63. Kf4 Rc4+ 64. Ke3 Kxf5 65. Kd2 e5 66.
Kd3 Rc7 67. Ke3 Ke6 68. Kd3 Kd5 69. Kd2 Kd4 0-1

[Event "BL 9091 Porz-Sindelfingen"]
[Site "?"]
[Date "1991.??.??"]
[Round "?.1"]
[White "Fahnenschmidt, G."]
[Black "Hort, V."]
[Result "1/2-1/2"]
[WhiteElo "2385"]
[BlackElo "2540"]
[PlyCount "59"]
[EventDate "1991.??.??"]

1. d4 Nf6 2. c4 g6 3. Nc3 d5 4. Nf3 Bg7 5. cxd5 Nxd5 6. e4 Nxc3 7. bxc3 c5 8.
Rb1 O-O 9. Be2 b6 10. O-O Bb7 11. Qd3 cxd4 12. cxd4 Ba6 13. Qe3 Qd7 14. Bxa6
Nxa6 15. Qa3 Nc7 16. Bb2 Nb5 17. Qb4 Rfc8 18. Rbc1 Nd6 19. Ne5 Bxe5 20. dxe5
Nb7 21. f4 Rxc1 22. Bxc1 Na5 23. Bb2 Rc8 24. f5 Nc4 25. e6 fxe6 26. fxg6 hxg6
27. Ba1 e5 28. Qb3 Qe6 29. Rc1 Kg7 30. Qg3 1/2-1/2

[Event "BL 9091 Porz-Sindelfingen"]
[Site "?"]
[Date "1991.??.??"]
[Round "?.3"]
[White "Marinkovic, I."]
[Black "Vaganian, R."]
[Result "0-1"]
[WhiteElo "2455"]
[BlackElo "2585"]
[PlyCount "114"]
[EventDate "1991.??.??"]

1. e4 e6 2. d4 d5 3. Nd2 c5 4. Ngf3 Nf6 5. exd5 exd5 6. Bb5+ Bd7 7. Bxd7+ Nbxd7
8. O-O Be7 9. dxc5 Nxc5 10. Nb3 Nce4 11. Be3 O-O 12. Qd3 Qc7 13. Rfd1 Rfd8 14.
Bd4 Bd6 15. c3 Re8 16. Re1 a6 17. Bxf6 Nxf6 18. g3 Re4 19. Nfd2 Re7 20. Rxe7
Qxe7 21. Nf3 Qe4 22. Rd1 Rd8 23. Qxe4 dxe4 24. Ne5 b6 25. Kf1 Ne8 26. Ke2 f5
27. Nc4 Bc7 28. Rxd8 Bxd8 29. Nd4 b5 30. Ne3 g6 31. Nc6 Bg5 32. Nd5 Kf7 33. f3
exf3+ 34. Kxf3 Ke6 35. Nf4+ Kd6 36. Nb4 Nc7 37. Nbd3 a5 38. Ke2 Nd5 39. Ng2 Nf6
40. Ngf4 Ne4 41. Ke3 Bd8 42. Ne2 Bb6+ 43. Nd4 b4 44. cxb4 Nf6 45. Nf4 Ng4+ 46.
Kd3 Ne5+ 47. Ke3 Nc4+ 48. Kd3 Nxb2+ 49. Kc3 axb4+ 50. Kxb2 Bxd4+ 51. Kb3 g5 52.
Ne2 Kc5 53. Kc2 Kc4 54. Kd2 Bf2 55. Kc2 Be3 56. h3 f4 57. gxf4 gxf4 0-1

[Event "BL 9091 Porz-Sindelfingen"]
[Site "?"]
[Date "1991.??.??"]
[Round "?.4"]
[White "Lutz, C."]
[Black "Kraut, R."]
[Result "1/2-1/2"]
[WhiteElo "2500"]
[BlackElo "2425"]
[PlyCount "75"]
[EventDate "1991.??.??"]

1. d4 d5 2. c4 dxc4 3. e3 Nf6 4. Bxc4 e6 5. Nf3 c5 6. O-O a6 7. a4 Nc6 8. Qe2
cxd4 9. Rd1 Be7 10. exd4 O-O 11. Nc3 Nb4 12. Bg5 Bd7 13. d5 exd5 14. Nxd5 Nbxd5
15. Bxd5 Nxd5 16. Rxd5 Bxg5 17. Nxg5 h6 18. Qd2 hxg5 19. Rxd7 Qf6 20. Rxb7 Rfd8
21. Qe2 Rac8 22. Re1 Qf4 23. g3 Qxa4 24. Qh5 g6 25. Qxg5 Rd1 26. Rxd1 Qxd1+ 27.
Kg2 Qd4 28. Qe3 Qxe3 29. fxe3 Rc2+ 30. Kh3 Re2 31. Rb3 a5 32. Ra3 Rxb2 33. Rxa5
Re2 34. Re5 f6 35. Re7 Kf8 36. Re4 f5 37. Re5 Kf7 38. g4 1/2-1/2